Vulnerabilidad sísmica de los sistemas vitales, algunas consideraciones sobre el terremoto de San Isidro del 3 de julio de 1983

Uloženo v:
Podrobná bibliografie
Hlavní autor: Vargas Monge, William
Médium: Kniha
Vydáno: [San José , Costa Rica] 1985
Témata:
Tagy: Přidat tag
Žádné tagy, Buďte první, kdo vytvoří štítek k tomuto záznamu!

MARC

LEADER 00000nam a2200000Ia 4500
003 003026
005 20221231144359.0
008 140114s1985 cr a m 000 ||s d
040 |c cru CEDI 
090 |a TFG 1752 
100 |a Vargas Monge, William  |9 14394 
245 |a Vulnerabilidad sísmica de los sistemas vitales, algunas consideraciones sobre el terremoto de San Isidro del 3 de julio de 1983 
260 |c 1985  |a [San José , Costa Rica] 
300 |a  xiv, 124 hojas : ilustraciones  
500 |a  Proyecto de graduacion (ingeniero civil)--Universidad de Costa Rica. Facultad de Ingeniería. Escuela de Ingenieria Civil 
650 |x TERREMOTOS - SAN ISIDRO DE EL GENERAL (PEREZ ZELEDON, SAN JOSE, COSTA RICA)  |9 14395 
942 |c TFG 
999 |c 21032  |d 21032